How I Spent My Summer Vacation Quiz Stats

Quiz Updated Sep 16, 2017

Challenge
Share
Tweet
Score 0/20 Timer 05:00
0 Plays Today
% Correct
Jaws
90.2%
Dirty Dancing
87%
The Graduate
85.5%
The Sandlot
80.6%
Stand By Me
79.6%
National Lampoon's Vacation
78.7%
The Parent Trap
75.8%
Weekend at Bernie's
70.3%
I Know What You Did Last Summer
56.9%
Dazed and Confused
53.8%
% Correct
Ernest Goes to Camp
46.7%
Adventureland
44.4%
Wet Hot American Summer
37.9%
Friday the 13th
35.5%
American Graffiti
33.7%
Meatballs
31.9%
Before Sunrise
29.2%
The Great Outdoors
26.7%
Heavyweights
21.5%
Summer School
20.5%

You're not logged in!

Compare scores with friends on all Sporcle quizzes.
Sign Up with Email
OR
Log In

You Might Also Like...

Show Comments

Extras

Top Quizzes Today


Score Distribution

Your Account Isn't Verified!

In order to create a playlist on Sporcle, you need to verify the email address you used during registration. Go to your Sporcle Settings to finish the process.